| 000 | 00414nam a22001697a 4500 | ||
|---|---|---|---|
| 005 | 20260330152341.0 | ||
| 008 | 160615b xxu||||| |||| 00| 0 eng d | ||
| 020 | _a81-797-0423-4 | ||
| 041 | _aeng | ||
| 082 | _b7689 | ||
| 100 |
_aErica Orloff & Kathy Lavison _98910 |
||
| 245 | _aThe 60 Second Communicator | ||
| 260 |
_aDelhi _bpearson education _c2004 |
||
| 300 | _a179 | ||
| 650 | _aManagement | ||
| 942 | _cBK | ||
| 999 |
_c2746 _d2745 |
||